Ekonomická univerzita v Bratislave - kolíska vysokoškolského ekonomického vzdelávania na Slovensku príhovor rektora EU v Bratislave prof. Ing. Vojtecha Kollára, CSc. pri príležitosti 65. výročia jej založenia
Guardado en:
| Autor principal: | |
|---|---|
| Formato: | Capítulo de libro |
| Lenguaje: | eslovaco inglés |
| Etiquetas: |
Sin Etiquetas, Sea el primero en etiquetar este registro!
|
MARC
| LEADER | 00000naa a2200000 4500 | ||
|---|---|---|---|
| 001 | 0155397 | ||
| 005 | 20240502072730.9 | ||
| 041 | 0 | |a slo | |
| 041 | 0 | |a eng | |
| 044 | |a SK | ||
| 245 | 1 | 0 | |a Ekonomická univerzita v Bratislave - kolíska vysokoškolského ekonomického vzdelávania na Slovensku |b príhovor rektora EU v Bratislave prof. Ing. Vojtecha Kollára, CSc. pri príležitosti 65. výročia jej založenia |c Vojtech Kollár |
| 100 | 1 | |a Kollár, Vojtech | |